A mozgáskorlátozott személyek foglalkoztatási lehetőségei Magyarországon - különös tekintettel a civil szféra szerepére

Bibliográfiai részletek
Szerző: Bistey Barbara
További közreműködők: Hübner Andrea Gabriella
Dokumentumtípus: Diplomadolgozat
Kulcsszavak:civil szervezetek
fogyatékkal élők
fogyatékosság(ok)
megváltozott munkaképesség
munkavállalás
Online Access:http://dolgozattar.uni-bge.hu/60027

MARC

LEADER 00000nta a2200000 i 4500
001 dolg60027
005 20260409145906.0
008 260409suuuu hu om 000 hun d
040 |a BGE Dolgozattár Repozitórium  |b hun 
041 |a hu 
100 1 |a Bistey Barbara 
245 1 2 |a A mozgáskorlátozott személyek foglalkoztatási lehetőségei Magyarországon - különös tekintettel a civil szféra szerepére  |c Bistey Barbara  |h [elektronikus dokumentum] 
520 3 |a A szakdolgozat célja a mozgáskorlátozott személyek munkaerőpiaci helyzetének feltárása Magyarországon, különös tekintettel a civil szféra szerepére. A kutatás középpontjában azok a tényezők állnak, amelyek elősegítik vagy akadályozzák ezen emberek integrációját a nyílt munkaerőpiacra. A dolgozat áttekinti a fogyatékosság, különösen a mozgáskorlátozottság definícióit, a munkavállalás jogi és társadalmi kereteit, valamint a megváltozott munkaképesség fogalmát. Bemutatásra kerülnek a nyílt és védett foglalkoztatási formák, az ésszerű alkalmazkodás gyakorlati jelentősége, továbbá az oktatás és a civil szervezetek szerepe a foglalkoztatás elősegítésében. A kvalitatív kutatás során strukturált interjúk és kérdőívek segítségével gyűjtött adatok alapján a dolgozat gyakorlati javaslatokat fogalmaz meg a munkahelyi befogadás előmozdítására. A kutatás eredményei rávilágítanak arra, hogy a civil szféra kulcsfontosságú szereplő a szemléletformálásban, a támogatásnyújtásban és a lehetőségek megteremtésében a mozgáskorlátozott személyek számára. 
695 |a civil szervezetek 
695 |a fogyatékkal élők 
695 |a fogyatékosság(ok) 
695 |a megváltozott munkaképesség 
695 |a munkavállalás 
700 1 |a Hübner Andrea Gabriella  |e ths 
856 4 0 |u http://dolgozattar.uni-bge.hu/60027/1/Bistey_Barbara_Szakdolgozat.pdf  |z Dokumentum-elérés 
856 4 0 |u http://dolgozattar.uni-bge.hu/60027/2/BABiralatBISTEYB.pdf  |z Dokumentum-elérés 
856 4 0 |u http://dolgozattar.uni-bge.hu/60027/3/Bitsey%20Barbara.pdf  |z Dokumentum-elérés